Statistics for Anchorman Quotes

Click here to take the quiz!

General Stats

  • This quiz has been taken 1,684 times
    (1,679 since last reset)
  • The average score is 12 of 16

Answer Stats

HintAnswer% Correct
Brick Tamland: Very well. Ian, would you like to go to a party in my _____?pants
92%
Brick Tamland: I love ____lamp
89%
Ron Burgundy: I don't know how to put this but I'm kind of a big ____deal
89%
Ron Burgundy: I love scotch. Scotchy, scotch, scotch. Here it goes down, down into my _____belly
88%
Brian Fantana: They've done studies, you know. __% of the time, it works every time.60
88%
Brick Tamland: Yeah, there were horses, and a man on fire, and I killed a guy with a _______trident
83%
Veronica Corningstone: Mr. Burgundy, you have a massive ________erection
83%
Ron Burgundy: It's so damn hot... ____ was a bad choicemilk
81%
Brian Fantana: Yep, its made with bits of real _______, so you know its goodpanther
77%
Ron Burgundy: By the beard of ____Zeus
75%
Ron Burgundy: I'm very important. I have many leather-bound books and my apartment smells of rich ________mahogany
70%
Ron Burgundy: Brian, I'm gonna be honest with you, that smells like pure ________gasoline
69%
Champ Kind: Champ here! I'm all about havin' fun. You know, get a couple cocktails in me, start a fire in someone's kitchen. Maybe go to SeaWorld, take my pants off. Anyway, I kinda known for my catch phrase, ______!WHAMMY
67%
Champ Kind: I will smash your face into a car windshield, and then take your mother, Dorothy ________, out for a nice seafood dinner and never call her againmantooth
63%
Ron Burgundy: it's terrible! She has beautiful eyes, and her hair smells like ________cinnamon
36%
Veronica Corningstone: Jazz flute is for little _____ boys.fairy
28%

Score Distribution

Percentile by Number Answered

Percent of People with Each Score

Your Score History

You have not taken this quiz since the last reset